Movies Quiz

Random Movies or Year Quiz

Complete the Thriller Movies (2010s) Quiz Stats

 Plays Quiz Updated Apr 12, 2021

Support Sporcle.
Go Orange.
Score 0/30 Timer 04:00
1 Play Today
% Correct
Black
95%
Tattoo
94.9%
Island
92.5%
Breathe
91.7%
Out
91.6%
Train
91.3%
Girl
91.2%
Jack
91.1%
Quiet
90.7%
Lane
90.2%
Room
89.4%
Martha
89.1%
Street
87.4%
Code
85.8%
Box
85.7%
% Correct
Bad
85.4%
Ghost
85.2%
Next
82.7%
Nocturnal
81.6%
House
81%
Lawyer
79.3%
Season
77.6%
First
76.4%
Sparrow
75.5%
Friend
72.5%
Green
69.8%
List
63.8%
Cold
63.4%
Monster
50.7%
Ruin
33%

You're not logged in!

Compare scores with friends on all Sporcle quizzes.
OR
Log In
Remove Ads.
Support Sporcle.
Get the best of Sporcle when you Go Orange. This ad-free experience offers more features, more stats, and more fun while also helping to support Sporcle. Thank you for becoming a member.

Show Comments

Extras

Top Quizzes Today


Score Distribution

Your Account Isn't Verified!

In order to create a playlist on Sporcle, you need to verify the email address you used during registration. Go to your Sporcle Settings to finish the process.

Report this User

Report this user for behavior that violates our Community Guidelines.

Details: